000 00306nam a2200109Ia 4500
008 200302s9999 xx 000 0 und d
100 _aMadu Kui and Christian N Madu ed
245 _aHandbook of sustainability management
260 _bWorld Scientific Publishing Pvt., Ltd.,
260 _c2012
300 _a899
999 _c6190
_d6190